Estadísticas para Prueba de Kenia

Haz click aquí para intentar la prueba.

Estadísticas generales

  • Esta prueba ha sido intentada 750 veces
  • La puntuación promedio es 13 de 20

Estadísticas de respuestas

PistaRespuesta% Correcto
Capital de KeniaNairobi
94%
País limítrofeTanzania
92%
Idiomas oficialesInglés
91%
País europeo que controló a Kenya de 1895 a 1963Reino Unido
91%
País limítrofeSomalia
90%
Presidente de los Estados Unidos cuyo padre nació en KeniaBarack Obama
88%
País limítrofeUganda
88%
País limítrofeEtiopía
87%
País limítrofeSudán del Sur
79%
El lago más grande que se encuentra parcialmente en KeniaLago Victoria
78%
El evento olímpico en el que Eliud Kipchoge tiene el récord mundialMaratón
66%
Kenia produce más hojas de este tipo que cualquier otro país, excepto China y la India
58%
Montaña más alta (la segunda más alta de África)Monte Kenia
53%
Idiomas oficialesSuajili
53%
¿Qué mató a 28-31 personas construyendo un ferrocarril sobre el río Tsavo en 1898?Leones
47%
La gente viene a Masai Mara para ver la migración anual de estos mamíferosÑu
45%
Fosa que atraviesa KeniaGran Valle del {Rift}
42%
La ciudad costera más pobladaMombasa
38%
Moneda de KeniaChelín
23%
Una revuelta de 1952 a 1960 contra ese paísRebelión del {Mau} {Mau}
21%

Distribución de puntuación

Porcentaje por número respondido

Porcentaje de gente con cada puntuación

Historial de tus puntuaciones

No has intentado esta prueba.